réalisateurs de films - Statistiques

Statistiques générales
  • Ce quiz a été pris 22 fois
  • Le résultat moyen est 6 sur 16
Statistiques - réponses
Par images Réponse % Correct
Agnes Varda
90%
François Truffaut
85%
Jean pierre Melville
60%
Bertrand Blier
55%
Jean Yanne
55%
Claude Chabrol
50%
Claude Lelouch
50%
Gerard Oury
45%
Henri Verneuil
35%
Michel Audiard
35%
Costa Gavras
30%
Claude Zidi
15%
Marcel Pagnol
15%
Philippe de Broca
15%
Gerard Pires
5%
José Giovanni
5%
Aucun quiz correspondant
Distribution des résultats
% des personnes avec chaque résultat
Percentile par nombre de réponses
Votre historique - résultats
Vous n’avez pas pris ce quiz